LEADER 00880nam a2200229 i 4500 001 000000165544 003 CaOOAMICUS 005 20240220104723.0 008 071019s1965 it u000 u ita u 040 $aSeMil$bita 100 1 $aD'Alessandria, Pia,$c.$0(OLS)http://semarc/name/62452 245 10$aChi gioca e chi guarda /$cPia d'Alessandria. 264 1$aFirenze :$bVallecchi,$c1965. 300 $a207 p. ;$c22 cm. 490 1 $aNarratori Vallecchi ;$v17 830 0$aNarratori Vallecchi ;$v17.$0(OLS)http://semarc/title/24378 850 $aSeMil 852 $aSeMil$W1$xVenegono$y1$m1A III 252$j246355$B116737$CSeMilBibl$Z2$F127676 $81 961 $aRecupero: Altro 996 $6245$aChi gioca e chi guarda$9(OLS)http://semarc/title/236386 996 $6264$aFirenze :$bVallecchi$9(OLS)http://semarc/publisher/29768 LEADER 00799nam a2200181 i 4500 001 000000250697 003 CaOOAMICUS 005 20160812000000.0 008 160812s1886 xx u000 u lat u 013 $a229602 040 $aSeMil$bita 245 10$aPars 3. a Qu. 53. ad finem, et Supplementum 3. partis. 300 $a824 p. 773 0 $aTommaso : d'Aquino $tS.Thomae Aquinatis Summa theologica diligenter emendata.$dAugustae Taurinorum : Ex Typographia pontificia et archiepiscopalis eq. Petri Marietti, 1885-1886.$g5$w()21871 850 $aSeMil 852 $aSeMil$W1$xVenegono$y1$m2N V 23 FA$j201043$B201043$CSeMilBibl$Z2$F212784 $8I 961 $aLascito: Bidoglio don Maurizio 996 $6245$aPars 3. a Qu. 53. ad finem, et Supplementum 3. partis$9(OLS)http://semarc/title/327084